| 000 | 00402 a2200145 4500 | ||
|---|---|---|---|
| 008 | 240508b ||||| |||| 00| 0 eng d | ||
| 020 | _a9781234567897 | ||
| 050 |
_aHD30.23 _b.O36 2022 |
||
| 100 | _aOgola, Fred | ||
| 245 |
_aStrategic Thinking; _b10 Lessons from 1000 strategic plans/ |
||
| 260 |
_b9781234567897 _c2022 |
||
| 300 |
_ax,127p.; _c23 cm. |
||
| 650 | _vDecision making | ||
| 942 |
_cBK _2lcc |
||
| 999 |
_c58995 _d58995 |
||